书目信息 |
| 题名: |
数字逻辑及数字集成电路
|
|
| 作者: | 王尔乾 , 巴林凤 编 | |
| 分册: | ||
| 出版信息: | 北京 清华大学出版社 1994 |
|
| 页数: | 289页 | |
| 开本: | 26cm | |
| 丛书名: | ||
| 单 册: | ||
| 中图分类: | TN431.2 | |
| 科图分类: | ||
| 主题词: | 数字集成电路--高等学校--教材 , 数字集成电路 , 逻辑集成电路 , 逻辑集成电路--高等学校--教材 | |
| 电子资源: | ||
| ISBN: | 7-302-01410-8 | |
| 000 | 00827nam0 2200265 45 | |
| 001 | 0194031534 | |
| 005 | 20070706110716.89 | |
| 010 | @a7-302-01410-8@dCNY17.80 | |
| 100 | @a20020624e20001994em y0chiy0121 ea | |
| 101 | 0 | @achi |
| 102 | @aCN@b110000 | |
| 105 | @aa z 000yy | |
| 200 | 1 | @a数字逻辑及数字集成电路@Ashu zi luo ji ji shu zi ji cheng dian lu@f王尔乾,巴林凤编@Fwang er qian, ba lin feng bian |
| 210 | @a北京@c清华大学出版社@d1994@h2000 | |
| 215 | @a289页@c图@d26cm | |
| 300 | @a清华大学计算机系列教材 | |
| 606 | 0 | @a数字集成电路@x高等学校@j教材 |
| 606 | 0 | @a数字集成电路 |
| 606 | 0 | @a逻辑集成电路 |
| 606 | 0 | @a逻辑集成电路@x高等学校@j教材 |
| 690 | @aTN431.2@v4 | |
| 701 | 0 | @a王尔乾@Awang er qian@4编 |
| 701 | 0 | @a巴林凤@Aba lin feng@4编 |
| 801 | 0 | @aCN@bNLC@c20070706 |
| 905 | @a10447@dTN431.2@e110 | |
| 数字逻辑及数字集成电路/王尔乾,巴林凤编.-北京:清华大学出版社,1994(2000) |
| 289页:图;26cm |
| 清华大学计算机系列教材 |
| ISBN 7-302-01410-8:CNY17.80 |
| ● |
| 相关链接 |
|
|
|
|
正题名:数字逻辑及数字集成电路
索取号:TN431.2/110
 
预约/预借
| 序号 | 登录号 | 条形码 | 馆藏地/架位号 | 状态 | 备注 |
| 1 | 0764612 | 207646127 | 第二样本阅览室/ [索取号:TN431.2/110] | 在馆 |